000 00561cam a2200205 4500
001 D16086
008 090401t1981 xxu||||| |||| 00| 0 eng d
035 _a(Sirsi) u95242
041 _aeng
050 _a381.41
110 _aRoyal Institution of Chartered Surveyors
_94900
245 _aReport April 1980 to March 1981
260 _aBasingstoke, Hants
_bRICS
_c1981
300 _a13p. 21cm
350 _a0
520 _aFiled at 1981/47 A
710 _aLivestock Auctioneers' Market Committee for England and Wales
942 _n0
948 _c04/03/1997
999 _c98365
_d98365